| 000 | 00705nam a2200241 i 4500 | ||
|---|---|---|---|
| 001 | 172631 | ||
| 003 | ES-MaACL | ||
| 005 | 20230906215004.0 | ||
| 007 | t| | ||
| 008 | 090803s1957 fr ||||1| fre d | ||
| 080 | _a17(37/38)(082.2) | ||
| 245 | 0 | 4 |
_aLes stoïciens / _ctextes choisis par Jean Brun. |
| 250 | _a1e éd. | ||
| 260 |
_aParis : _bPresses Universitaires de France, _c1957. |
||
| 300 |
_a180 p. ; _c18 cm. |
||
| 490 | 1 | _aLes grands textes | |
| 500 | _aÍndices. | ||
| 650 | 0 | 4 |
_aEstoicos. _912556 |
| 700 | 1 |
_aBrun, Jean. _932140 |
|
| 830 | 0 |
_aLes grands textes _9189181 |
|
| 852 | 4 |
_aES-MaACL _jE-12921 _9R.139259 _z. - Biblioteca Jacinto Martínez Lacalle |
|
| 999 |
_c172631 _d172631 |
||